| 000 | 00945nmc a2200337 a 4500 | ||
|---|---|---|---|
| 003 | AR-BaBNM | ||
| 005 | 20251128204332.0 | ||
| 008 | 275119s1985 ||||||||||||||000 | spa|| | ||
| 040 | _cAR-BaBNM | ||
| 100 | 1 | _aMarquinez Argote, Germán | |
| 245 | 1 | 0 | _aLógica |
| 250 | _a4ª ed. | ||
| 260 |
_aBogotá _bUniversidad Santo Tomás _c1985 |
||
| 300 | 0 |
_a227 p. _bil., gráfs. |
|
| 490 | 0 | _aFilosofía a distancia | |
| 500 | 0 | _aLa presente edición pertenece al centro de enseñanza desescolarizada | |
| 600 | 0 | 4 | _aAristóteles |
| 600 | 0 | 4 |
_aTomás de Aquino _d1225?-1274 |
| 600 | 1 | 4 | _aRussell, Bertrand |
| 600 | 1 | 4 | _aBacon, Francis |
| 650 | 4 | _aLOGICA | |
| 650 | 4 | _aENSENANZA UNIVERSITARIA | |
| 650 | 4 | _aPENSAMIENTO LOGICO | |
| 650 | 4 | _aMETODO INDUCTIVO | |
| 650 | 4 | _aMETODO DEDUCTIVO | |
| 650 | 4 | _aFILOSOFIA | |
| 650 | 4 | _aACTIVIDADES DE APRENDIZAJE | |
| 700 | 1 | _aSanz Adrados, Juan José | |
| 942 | _cBK | ||
| 998 | _cMARTIN | ||
| 999 |
_c7066 _d7066 |
||